Cities that Start with B by Clue - Statistics

General Stats
  • This quiz has been taken 89 times
  • The average score is 17 of 20
Answer Stats
Clue City % Correct
Capital once divided by a wall Berlin
99%
Home to the Forbidden City and Great Wall Beijing
98%
Known for its Tea Party, Massacre, and Paul Revere Boston
98%
Second largest city in the United Kingdom Birmingham
96%
City famous for Gaudí architecture La Sagrada Família Barcelona
95%
Swiss capital on the Aare River Bern
94%
Home of the Tango, Boca Juniors, and formerly, Eva Perón Buenos Aires
91%
Capital on the Danube River with thermal baths and a gorgeous Parliament Budapest
89%
Home to the headquarters of the European Union Brussels
88%
Eastern European capital whose Parliament is the heaviest building in the world Bucharest
85%
City where the Titanic was built Belfast
81%
Once known as the "Paris of the Middle East" Beirut
80%
Known for the Guggenheim and Basque culture Bilbao
80%
Most visited destination in the world, known for its temples and street food Bangkok
79%
Low elevation capital on the Caspian Sea Baku
71%
Planned by Oscar Niemeyer in the 1960s Brasília
69%
City on Lake Erie that is the home of the Bills Buffalo
69%
East Coast city known for its Inner Harbor and crab cakes Baltimore
68%
Famous for medieval towers and Europe's oldest university Bologna
66%
High Altitude capital famous for its Gold Museum Bogotá
56%
No matching quizzes found
Score Distribution
Percent of People with Each Score
Percentile by Number Answered
Your Score History
You have not taken this quiz